000 00942nam0a22002771 4500
001 2582149
005 20250622230928.0
021 _aRU
_b79-4358
035 _a(NLR Aleph) 006464822
090 _a5873790
_c5873790
100 _a20110316d1978 |||y0rusy50 ca
101 0 _arus
102 _aRU
105 _aa b |||||
200 1 _aНепосредственные начальники солдат и матросов
_eКомплект фотомонтаж. плакатов
_fЮ.А. Богомолов
210 _aМосква
_cВоениздат
_d1978
215 _a16 отд. л. ил. в обертке
_d23х29
686 _aЦ66,6(2)0-243.22я69
_2rubbk
686 _aЦ4,6(2)243.22я69
_2rubbk
702 1 _aБогомолов
_bЮ.А.
_gЮрий Андреевич
_4220
801 0 _aRU
_bNLR
_gpsbo
801 1 _aRU
_bELAR
_2rusmarc
852 _aNLR
_jDesideratum
899 _aRuMoRGB
_jВО 195/55
942 _cBOOK
980 _aNB